<?xml version="1.0" encoding="UTF-8"?>
<collection xmlns="http://www.loc.gov/MARC21/slim">
<record>
  <controlfield tag="001">165419</controlfield>
  <controlfield tag="005">20260108143204.0</controlfield>
  <datafield tag="024" ind1="7" ind2=" ">
    <subfield code="2">doi</subfield>
    <subfield code="a">10.5565/rev/scriptum.147</subfield>
  </datafield>
  <datafield tag="024" ind1="8" ind2=" ">
    <subfield code="2">sideral</subfield>
    <subfield code="a">147031</subfield>
  </datafield>
  <datafield tag="037" ind1=" " ind2=" ">
    <subfield code="a">ART-2025-147031</subfield>
  </datafield>
  <datafield tag="041" ind1=" " ind2=" ">
    <subfield code="a">spa</subfield>
  </datafield>
  <datafield tag="100" ind1=" " ind2=" ">
    <subfield code="a">Albesa Pedrola, Elena</subfield>
  </datafield>
  <datafield tag="245" ind1=" " ind2=" ">
    <subfield code="a">Nueva documentación cancilleresca de Aragón y de Navarra para el Atlas histórico del español (AHE)</subfield>
  </datafield>
  <datafield tag="260" ind1=" " ind2=" ">
    <subfield code="c">2025</subfield>
  </datafield>
  <datafield tag="520" ind1="3" ind2=" ">
    <subfield code="a">El proyecto de investigación Atlas histórico del español: morfosintaxis (AHE), dirigido por Andrés Enrique-Arias, ha detectado que el Corpus de documentos españoles anteriores a 1900 (CODEA+ 2022) −corpus del que se nutre el AHE− presentaba, por diversos motivos, una carencia de documentación cancilleresca procedente de Aragón y de Navarra de los siglos XIII-XVI. Este trabajo expone cómo se ha realizado la labor de ampliación de las fuentes para dar cuenta de dos características fundamentales de los corpus: la representatividad (Kabatek 2013) y la comparabilidad (Enrique-Arias 2012) de los resultados obtenidos para Navarra y Aragón en el conjunto de las lenguas y dialectos peninsulares. De este modo, el propósito de este artículo es triple: 1) dar a conocer los criterios cualitativos y cuantitativos que se han tenido en cuenta a la hora de seleccionar la documentación para garantizar la mayor representatividad y comparabilidad posible; 2) mostrar algunos problemas metodológicos que presentan todos los textos que emanan de las Cancillerías reales y 3) describir la selección documental.</subfield>
  </datafield>
  <datafield tag="506" ind1="0" ind2=" ">
    <subfield code="a">Access copy available to the general public</subfield>
    <subfield code="f">Unrestricted</subfield>
  </datafield>
  <datafield tag="540" ind1=" " ind2=" ">
    <subfield code="9">info:eu-repo/semantics/openAccess</subfield>
    <subfield code="a">by-sa</subfield>
    <subfield code="u">https://creativecommons.org/licenses/by-sa/4.0/deed.es</subfield>
  </datafield>
  <datafield tag="655" ind1=" " ind2="4">
    <subfield code="a">info:eu-repo/semantics/article</subfield>
  </datafield>
  <datafield tag="700" ind1=" " ind2=" ">
    <subfield code="a">Tabernero Sala, Cristina</subfield>
  </datafield>
  <datafield tag="700" ind1=" " ind2=" ">
    <subfield code="a">Raab, Matthias</subfield>
  </datafield>
  <datafield tag="773" ind1=" " ind2=" ">
    <subfield code="g">14 (2025), 131-144</subfield>
    <subfield code="p">Scriptum digit.</subfield>
    <subfield code="t">Scriptum digital</subfield>
    <subfield code="x">2014-640X</subfield>
  </datafield>
  <datafield tag="856" ind1="4" ind2=" ">
    <subfield code="s">552604</subfield>
    <subfield code="u">http://zaguan.unizar.es/record/165419/files/texto_completo.pdf</subfield>
  </datafield>
  <datafield tag="856" ind1="4" ind2=" ">
    <subfield code="s">2149466</subfield>
    <subfield code="u">http://zaguan.unizar.es/record/165419/files/texto_completo.jpg?subformat=icon</subfield>
    <subfield code="x">icon</subfield>
  </datafield>
  <datafield tag="909" ind1="C" ind2="O">
    <subfield code="o">oai:zaguan.unizar.es:165419</subfield>
    <subfield code="p">articulos</subfield>
    <subfield code="p">driver</subfield>
  </datafield>
  <datafield tag="951" ind1=" " ind2=" ">
    <subfield code="a">2026-01-08-14:10:18</subfield>
  </datafield>
  <datafield tag="980" ind1=" " ind2=" ">
    <subfield code="a">ARTICLE</subfield>
  </datafield>
</record>
</collection>